[Event "MCRE_PF16"]
[Site "?"]
[Date "2004.??.??"]
[Round "?"]
[White "Blazek, Jaroslav"]
[Black "Doubek, Svatopluk"]
[Result "1/2-1/2"]
[WhiteElo "2205"]
[BlackElo "2264"]
[PlyCount "66"]
[EventDate "2004.??.??"]
[EventType "corr"]
[EventRounds "2"]
[SourceDate "2005.03.12"]

1. e4 e5 2. Nf3 Nc6 3. Bc4 Nf6 4. Ng5 d5 5. exd5 Na5 6. Bb5+ c6 7. dxc6 bxc6 8.
Bd3 Nd5 9. Nf3 Bd6 10. O-O Nf4 11. Re1 Nxd3 12. cxd3 O-O 13. Nxe5 Re8 14. d4 f6
15. Nf3 Bg4 16. Re3 Bf4 17. h3 Bxe3 18. dxe3 Bh5 19. Nbd2 Qd5 20. Qa4 Nb7 21.
b3 Bf7 22. e4 Qb5 23. Qxb5 cxb5 24. Bb2 Bg6 25. e5 Rac8 26. Nf1 Be4 27. N3d2
Bg6 28. Ne3 fxe5 29. dxe5 Nc5 30. Bd4 Nd3 31. Bxa7 Rc7 32. Bb6 Rc6 33. Bd4 Nf4
1/2-1/2

[Event "MCRE_PF16"]
[Site "?"]
[Date "2004.??.??"]
[Round "?"]
[White "Blazek, Jaroslav"]
[Black "Havlik, Lumir"]
[Result "1/2-1/2"]
[WhiteElo "2205"]
[BlackElo "2081"]
[PlyCount "115"]
[EventDate "2004.??.??"]
[EventType "corr"]
[EventRounds "2"]
[SourceDate "2005.03.12"]

1. d4 d5 2. Nf3 e6 3. c4 Nf6 4. h3 c6 5. Nbd2 Nbd7 6. e3 Bd6 7. Bd3 O-O 8. O-O
Re8 9. Qc2 h6 10. Rd1 c5 11. Be2 Qc7 12. cxd5 Nxd5 13. e4 Nf4 14. Bf1 cxd4 15.
Nxd4 Qxc2 16. Nxc2 Ng6 17. Nc4 Be7 18. Be3 Rd8 19. Rd2 Nf6 20. Rxd8+ Bxd8 21.
e5 Nd5 22. Bd4 Bd7 23. g3 Bc7 24. f4 Nge7 25. Bg2 Bc6 26. Rd1 b6 27. Bf2 Rd8
28. Nd4 Nb4 29. a3 Bxg2 30. Kxg2 Nc2 31. Rd2 Nxd4 32. Rxd4 Rxd4 33. Bxd4 Nc6
34. Be3 h5 35. Kf3 f6 36. Ke4 Kf7 37. a4 Ke8 38. g4 hxg4 39. hxg4 fxe5 40. fxe5
Kd7 41. b3 Nb4 42. Bd2 Nd5 43. Ne3 Nxe3 44. Bxe3 Bd8 45. b4 a6 46. b5 axb5 47.
axb5 Ke8 48. Kd3 Kd7 49. Kc4 Ke8 50. Kd4 Kd7 51. Kc3 Ke8 52. Kd2 Kd7 53. Ke2
Ke8 54. Kf3 Kd7 55. Kf4 Ke8 56. Bf2 Kd7 57. Bd4 Ke8 58. Ke4 1/2-1/2

[Event "MCRE_PF16"]
[Site "?"]
[Date "2004.??.??"]
[Round "?"]
[White "Blazek, Jaroslav"]
[Black "Houska, Jiri"]
[Result "1/2-1/2"]
[WhiteElo "2205"]
[BlackElo "2200"]
[PlyCount "71"]
[EventDate "2004.??.??"]
[EventType "corr"]
[EventRounds "2"]
[SourceDate "2005.03.12"]

1. d4 Nf6 2. c4 g6 3. Nc3 d5 4. cxd5 Nxd5 5. Bd2 Bg7 6. e4 Nb6 7. Be3 O-O 8.
Be2 Nc6 9. Nf3 Bg4 10. d5 Bxf3 11. gxf3 Na5 12. Bd4 Qd6 13. f4 e5 14. fxe5 Bxe5
15. Bxe5 Qxe5 16. Qd3 Nac4 17. Qg3 Qe7 18. O-O Nxb2 19. a4 a5 20. Rfb1 N2c4 21.
Bxc4 Nxc4 22. Rxb7 Nd6 23. Rb3 Nxe4 24. Re1 f5 25. Nxe4 fxe4 26. Rbe3 Qd7 27.
Rxe4 Qxd5 28. Qxc7 Rac8 29. Qe5 Qf7 30. f4 Qa7+ 31. Qd4 Qxd4+ 32. Rxd4 Rc2 33.
Rd7 Rxf4 34. Re8+ Rf8 35. Ree7 Rc1+ 36. Kg2 1/2-1/2

[Event "MCRE_PF16"]
[Site "?"]
[Date "2004.??.??"]
[Round "?"]
[White "Blazek, Jaroslav"]
[Black "Lasek, Milos"]
[Result "0-1"]
[WhiteElo "2205"]
[BlackElo "2280"]
[PlyCount "62"]
[EventDate "2004.??.??"]
[EventType "corr"]
[EventRounds "2"]
[SourceDate "2005.03.12"]

1. d4 Nf6 2. Nf3 e6 3. Bg5 c5 4. e4 Qb6 5. Nc3 cxd4 6. Nxd4 Nc6 7. Bxf6 gxf6 8.
Nb3 a6 9. Qd2 Qc7 10. a3 b5 11. f4 b4 12. axb4 Bxb4 13. Bd3 Na5 14. Nxa5 Bxa5
15. O-O Rb8 16. Qe2 Rxb2 17. Na4 Rb4 18. c3 Rb8 19. Qg4 Bxc3 20. Nxc3 Qxc3 21.
Qg7 Rf8 22. Rad1 Rb2 23. Kh1 Bb7 24. f5 Bc6 25. Rfe1 a5 26. Be2 Ba4 27. Rb1 Ke7
28. fxe6 dxe6 29. Bh5 Rxb1 30. Rxb1 Qe5 31. Qg3 Qxg3 0-1

[Event "MCRE_PF16"]
[Site "?"]
[Date "2004.??.??"]
[Round "?"]
[White "Blazek, Jaroslav"]
[Black "Postl, Rostislav"]
[Result "1/2-1/2"]
[WhiteElo "2205"]
[BlackElo "2297"]
[PlyCount "125"]
[EventDate "2004.??.??"]
[EventType "corr"]
[EventRounds "2"]
[SourceDate "2005.03.12"]

1. d4 d5 2. Nf3 Nf6 3. c4 e6 4. Nc3 c6 5. e3 Nbd7 6. Bd3 Be7 7. O-O O-O 8. Qe2
b6 9. b3 Bb7 10. Rd1 Qc7 11. Bb2 Rac8 12. Rac1 dxc4 13. Bxc4 Rfd8 14. Ne5 Nxe5
15. dxe5 Rxd1+ 16. Rxd1 Nd7 17. f4 Rd8 18. Qc2 Nc5 19. b4 Rxd1+ 20. Qxd1 Nd7
21. a3 a5 22. bxa5 b5 23. Bb3 Nc5 24. Bc2 Qxa5 25. h3 b4 26. axb4 Qxb4 27. Ba1
Ba6 28. Kh2 Qc4 29. Nb1 Ne4 30. Nd2 Nxd2 31. Qxd2 c5 32. Bc3 Qb5 33. Qd1 Qc6
34. e4 Qc7 35. f5 c4 36. Kh1 Bf8 37. Qf3 Bc5 38. Qg4 Qb6 39. f6 g6 40. Qd1 Bb5
41. Qc1 Qa7 42. Bd1 Bf8 43. Qd2 Qa3 44. Be2 h6 45. Kh2 Kh7 46. Qe1 Qc5 47. h4
h5 48. Bf1 Bh6 49. g3 Qa3 50. Qa1 Qxa1 51. Bxa1 Bd2 52. Be2 Kg8 53. Bd4 Kf8 54.
Kg2 Ke8 55. Kf2 Kd7 56. Bd1 Ba5 57. Ke2 Bb4 58. Bc2 Kc6 59. Kf3 Bc5 60. Bc3 Ba3
61. Bd4 Bc5 62. Bc3 Ba6 63. Ba4+ 1/2-1/2

[Event "MCRE_PF16"]
[Site "?"]
[Date "2004.??.??"]
[Round "?"]
[White "Blazek, Jaroslav"]
[Black "Svrsek, Radomir"]
[Result "0-1"]
[WhiteElo "2205"]
[BlackElo "2190"]
[PlyCount "94"]
[EventDate "2004.??.??"]
[EventType "corr"]
[EventRounds "2"]
[SourceDate "2005.03.12"]

1. d4 Nf6 2. c4 e6 3. g3 d5 4. Nf3 dxc4 5. Qa4+ Nbd7 6. Bg2 c5 7. O-O a6 8.
dxc5 Bxc5 9. Nc3 O-O 10. Qxc4 b5 11. Qf4 Bb7 12. b4 e5 13. Qh4 Be7 14. Rd1 Rc8
15. Bb2 Rc4 16. Qg5 Rxb4 17. Nh4 h6 18. Qc1 Bxg2 19. Nxg2 Bc5 20. Nd5 Rc4 21.
Qb1 Nxd5 22. Rxd5 Qc8 23. Rd3 e4 24. Rb3 Qc6 25. Qe1 Rc8 26. h3 Rc2 27. Qd1 Qe6
28. Nf4 Qd6 29. Qxd6 Bxd6 30. Rd1 R8c6 31. Ng2 Nc5 32. Ne3 Nxb3 33. Nxc2 Rxc2
34. axb3 Rxb2 35. Rxd6 Ra2 36. Kf1 a5 37. Ke1 g6 38. Kd1 b4 39. h4 h5 40. Rd4
e3 41. fxe3 Ra1+ 42. Kd2 Rg1 43. Rc4 Rxg3 44. Rc8+ Kg7 45. Rc1 f5 46. Kd3 f4
47. Rc7+ Kf6 0-1

[Event "MCRE_PF16"]
[Site "?"]
[Date "2004.??.??"]
[Round "?"]
[White "Blazek, Jaroslav"]
[Black "Valak, Alois"]
[Result "0-1"]
[WhiteElo "2205"]
[BlackElo "2251"]
[PlyCount "90"]
[EventDate "2004.??.??"]
[EventType "corr"]
[EventRounds "2"]
[SourceDate "2005.03.12"]

1. d4 Nf6 2. Nf3 e6 3. e3 c5 4. Bd3 d5 5. O-O Nbd7 6. Nc3 Bd6 7. e4 cxd4 8. Nb5
Bb8 9. exd5 e5 10. c4 O-O 11. Re1 Re8 12. Bg5 h6 13. Bxf6 Nxf6 14. Qc2 Bg4 15.
Nd2 a6 16. Na3 Bd6 17. h3 Bd7 18. c5 Rc8 19. b4 Nxd5 20. Bc4 Be6 21. cxd6 b5
22. Qb3 bxc4 23. Naxc4 Nb6 24. d7 Nxd7 25. Qd3 Qc7 26. Rec1 Bd5 27. Rc2 Nb6 28.
Rac1 Nxc4 29. Nxc4 Qe7 30. Nd2 Qb7 31. f3 Bxa2 32. Rc5 Bd5 33. Ne4 Bxe4 34.
Qxe4 Rxc5 35. bxc5 Qxe4 36. fxe4 Rc8 37. Kf2 Kf8 38. Ke2 Ke7 39. Kd3 a5 40. Kc4
Rd8 41. Kd3 a4 42. Ra1 Ra8 43. Ra3 Kd7 44. Kc4 Kc6 45. g4 Ra5 0-1

[Event "MCRE_PF16"]
[Site "?"]
[Date "2004.??.??"]
[Round "?"]
[White "Doubek, Svatopluk"]
[Black "Blazek, Jaroslav"]
[Result "1-0"]
[WhiteElo "2264"]
[BlackElo "2205"]
[PlyCount "63"]
[EventDate "2004.??.??"]
[EventType "corr"]
[EventRounds "2"]
[SourceDate "2005.03.12"]

1. e4 c5 2. f4 d5 3. exd5 Qxd5 4. Nc3 Qd6 5. Nf3 Nc6 6. Bc4 Nf6 7. d3 a6 8. O-O
b5 9. Bb3 Bb7 10. Qe2 Nd4 11. Nxd4 cxd4 12. Ne4 Nxe4 13. dxe4 e6 14. a4 b4 15.
f5 e5 16. a5 Bc6 17. f6 g6 18. Bc4 Bb7 19. Bd2 h6 20. c3 dxc3 21. bxc3 Rc8 22.
Be3 Qc6 23. Bd5 Qd7 24. Rfd1 bxc3 25. Rab1 Bxd5 26. Rxd5 Bd6 27. Qd3 c2 28. Rc1
Rc6 29. Rxc2 Rxc2 30. Qxc2 O-O 31. Qd2 Qb7 32. Rxd6 1-0

[Event "MCRE_PF16"]
[Site "?"]
[Date "2004.??.??"]
[Round "?"]
[White "Doubek, Svatopluk"]
[Black "Havlik, Lumir"]
[Result "1/2-1/2"]
[WhiteElo "2264"]
[BlackElo "2081"]
[PlyCount "60"]
[EventDate "2004.??.??"]
[EventType "corr"]
[EventRounds "2"]
[SourceDate "2005.03.12"]

1. e4 e5 2. Nf3 Nc6 3. Bb5 Nf6 4. O-O Nxe4 5. Re1 Nd6 6. Nxe5 Be7 7. Bd3 Nxe5
8. Rxe5 O-O 9. Nc3 Bf6 10. Re3 g6 11. b3 Bd4 12. Ba3 Bxe3 13. dxe3 Ne8 14. Bxf8
Kxf8 15. a4 d5 16. Qd2 Be6 17. e4 d4 18. Ne2 c5 19. c3 dxc3 20. Qxc3 Kg8 21. e5
Qe7 22. Re1 Rd8 23. Ng3 b6 24. Ne4 Nc7 25. Bc4 Rd4 26. h3 Bxc4 27. Nf6+ Kg7 28.
bxc4 Ne6 29. g3 Qd8 30. Re3 Rd1+ 1/2-1/2

[Event "MCRE_PF16"]
[Site "?"]
[Date "2004.??.??"]
[Round "?"]
[White "Doubek, Svatopluk"]
[Black "Houska, Jiri"]
[Result "0-1"]
[WhiteElo "2264"]
[BlackElo "2200"]
[PlyCount "92"]
[EventDate "2004.??.??"]
[EventType "corr"]
[EventRounds "2"]
[SourceDate "2005.03.12"]

1. e4 c5 2. Nf3 d6 3. d4 cxd4 4. Nxd4 Nf6 5. Nc3 a6 6. Be2 e6 7. O-O Be7 8. f4
O-O 9. a4 Nc6 10. Be3 Qc7 11. Qe1 Nb4 12. Qg3 Kh8 13. Rac1 b6 14. Bf3 Bb7 15.
Rfd1 Rad8 16. Nb3 Nd7 17. Rd2 Nc5 18. Rcd1 Bc6 19. Nd4 Bxa4 20. Nxa4 Nxa4 21.
c3 Nc6 22. Nxc6 Qxc6 23. Bd4 Rg8 24. Qg4 Nc5 25. Re2 Nd7 26. e5 d5 27. f5 Bc5
28. fxe6 fxe6 29. Re3 b5 30. Be2 Rdf8 31. Bd3 g6 32. Ra1 Rf7 33. Rh3 Qb6 34.
Kh1 a5 35. Rh4 Nf8 36. Qg5 b4 37. Rf4 Rgg7 38. Raf1 Kg8 39. h4 bxc3 40. bxc3
Bxd4 41. cxd4 a4 42. h5 Rxf4 43. Qxf4 Qd8 44. hxg6 Nxg6 45. Bxg6 hxg6 46. Kg1
Qe8 0-1

[Event "MCRE_PF16"]
[Site "?"]
[Date "2004.??.??"]
[Round "?"]
[White "Doubek, Svatopluk"]
[Black "Lasek, Milos"]
[Result "1-0"]
[WhiteElo "2264"]
[BlackElo "2280"]
[PlyCount "76"]
[EventDate "2004.??.??"]
[EventType "corr"]
[EventRounds "2"]
[SourceDate "2005.03.12"]

1. e4 c5 2. Nf3 e6 3. d4 cxd4 4. Nxd4 a6 5. Bd3 Nf6 6. O-O d6 7. c4 b6 8. Nc3
Bb7 9. Qe2 Be7 10. f4 O-O 11. b3 Qc7 12. Bb2 Nc6 13. Nxc6 Bxc6 14. Kh1 Rad8 15.
Rad1 g6 16. f5 Rde8 17. Qd2 Qb7 18. Qh6 Ng4 19. Qh3 h5 20. Be2 Bxe4 21. fxe6
Bxg2+ 22. Qxg2 Qxg2+ 23. Kxg2 Ne3+ 24. Kg1 Nxd1 25. exf7+ Rxf7 26. Nxd1 Bf6 27.
Rf2 Bxb2 28. Nxb2 Rxf2 29. Kxf2 Kf7 30. Na4 Rb8 31. Nc3 Kf6 32. Nd5+ Ke5 33.
Nb4 Rf8+ 34. Ke3 a5 35. Nd5 Rb8 36. h4 Kf5 37. Kf3 Ke5 38. Bd3 Rg8 1-0

[Event "MCRE_PF16"]
[Site "?"]
[Date "2004.??.??"]
[Round "?"]
[White "Doubek, Svatopluk"]
[Black "Postl, Rostislav"]
[Result "1-0"]
[WhiteElo "2264"]
[BlackElo "2297"]
[PlyCount "75"]
[EventDate "2004.??.??"]
[EventType "corr"]
[EventRounds "2"]
[SourceDate "2005.03.12"]

1. e4 e5 2. Nf3 Nc6 3. Bb5 a6 4. Ba4 Nf6 5. O-O Be7 6. Re1 b5 7. Bb3 d6 8. c3
O-O 9. h3 Na5 10. Bc2 c5 11. d4 Qc7 12. Nbd2 cxd4 13. cxd4 Bb7 14. Nf1 Rac8 15.
Re2 Nh5 16. N1h2 Rfe8 17. Ng4 f5 18. exf5 Bxf3 19. gxf3 exd4 20. a4 Bh4 21.
Rxe8+ Rxe8 22. axb5 axb5 23. Bd3 Nc4 24. b3 d5 25. Bf1 Qb6 26. bxc4 dxc4 27. f4
Nf6 28. Ne5 Qc5 29. Rb1 Rc8 30. Bg2 Rd8 31. Bd2 Rc8 32. Bb4 Qb6 33. Nf3 Nd5 34.
Nxh4 Nxb4 35. Rxb4 Qd8 36. Nf3 d3 37. Rxb5 Qe8 38. Re5 1-0

[Event "MCRE_PF16"]
[Site "?"]
[Date "2004.??.??"]
[Round "?"]
[White "Doubek, Svatopluk"]
[Black "Svrsek, Radomir"]
[Result "0-1"]
[WhiteElo "2264"]
[BlackElo "2190"]
[PlyCount "82"]
[EventDate "2004.??.??"]
[EventType "corr"]
[EventRounds "2"]
[SourceDate "2005.03.12"]

1. e4 c6 2. c4 d5 3. exd5 cxd5 4. d4 Nf6 5. Nc3 Nc6 6. Nf3 Bg4 7. cxd5 Nxd5 8.
Qb3 Bxf3 9. gxf3 e6 10. Qxb7 Nxd4 11. Bb5+ Nxb5 12. Qc6+ Ke7 13. Qxb5 Qd7 14.
Nxd5+ Qxd5 15. Qxd5 exd5 16. Be3 Ke6 17. O-O-O Rc8+ 18. Kb1 Bc5 19. Rhe1 Bxe3
20. Rxe3+ Kd6 21. Ra3 Rhe8 22. Rxa7 Re2 23. Rc1 Rf8 24. b4 Rxf2 25. b5 Rb8 26.
Rc6+ Ke5 27. b6 Rf1+ 28. Kc2 Rf2+ 29. Kb3 Rxf3+ 30. Kb4 Rf2 31. a4 Rxh2 32.
Rxf7 g5 33. a5 h5 34. Rg6 Kd4 35. Rxg5 Rb2+ 36. Ka3 Rb1 37. Rxh5 Rg8 38. Ka4
Rg4 39. Rc7 Kd3+ 40. Ka3 Rb5 41. Rc3+ Kxc3 0-1

[Event "MCRE_PF16"]
[Site "?"]
[Date "2004.??.??"]
[Round "?"]
[White "Doubek, Svatopluk"]
[Black "Valak, Alois"]
[Result "0-1"]
[WhiteElo "2264"]
[BlackElo "2251"]
[PlyCount "110"]
[EventDate "2004.??.??"]
[EventType "corr"]
[EventRounds "2"]
[SourceDate "2005.03.12"]

1. e4 e5 2. Nf3 Nc6 3. Bb5 Nf6 4. O-O Nxe4 5. Re1 Nd6 6. Nxe5 Be7 7. Bd3 Nxe5
8. Rxe5 O-O 9. Nc3 c6 10. b3 Ne8 11. Bb2 d5 12. Qf3 Bd6 13. Ree1 Qg5 14. Ne2
Qxd2 15. Rad1 Qg5 16. h3 Nc7 17. Ng3 Re8 18. Bc1 Qh4 19. Rxe8+ Nxe8 20. Nf5 Qf6
21. c4 g6 22. Nh6+ Kf8 23. Qe3 Qe5 24. Qxe5 Bxe5 25. Ng4 Bc3 26. cxd5 cxd5 27.
Be2 Be6 28. Bf3 Rd8 29. Ne3 Nc7 30. Nc2 Be5 31. Be3 Nb5 32. a4 Nc3 33. Re1 Bg7
34. Nd4 Bd7 35. Kf1 b6 36. Rc1 Rc8 37. Ne2 Nxe2 38. Rxc8+ Bxc8 39. Kxe2 Be6 40.
Bf4 Ke7 41. b4 a6 42. Kd2 b5 43. axb5 axb5 44. Be2 Bd7 45. h4 h5 46. g3 Bc6 47.
Bc7 Ba1 48. Bb6 d4 49. Bc5+ Ke6 50. Bd3 Bc3+ 51. Ke2 f5 52. f4 Kd7 53. Kf2 Kc7
54. Ke2 Kb7 55. Kf2 Ka6 0-1

[Event "MCRE_PF16"]
[Site "?"]
[Date "2004.??.??"]
[Round "?"]
[White "Havlik, Lumir"]
[Black "Blazek, Jaroslav"]
[Result "1/2-1/2"]
[WhiteElo "2081"]
[BlackElo "2205"]
[PlyCount "170"]
[EventDate "2004.??.??"]
[EventType "corr"]
[EventRounds "2"]
[SourceDate "2005.03.12"]

1. d4 Nf6 2. Nf3 g6 3. c4 Bg7 4. Nc3 O-O 5. e4 d6 6. Be2 Nbd7 7. O-O e5 8. Re1
exd4 9. Nxd4 Re8 10. f3 a6 11. Bf1 Ne5 12. Be3 h6 13. Qd2 Kh7 14. b3 b6 15.
Rad1 Nfd7 16. Bf2 Nc5 17. Qc2 Bb7 18. Bg3 Qd7 19. Bf2 Qd8 20. Bg3 a5 21. Ndb5
Rc8 22. a3 Nc6 23. f4 Ne7 24. e5 Nf5 25. Bf2 Ra8 26. Be2 Ne6 27. Qc1 h5 28. g3
Qb8 29. exd6 c6 30. Nc7 Nxc7 31. dxc7 Qxc7 32. Bf3 Rxe1+ 33. Rxe1 Rd8 34. Ne4
c5 35. Qc2 h4 36. Ng5+ Kg8 37. Bxb7 Qxb7 38. gxh4 Qb8 39. Qe4 Qa8 40. Qc2 Nd4
41. Qd3 Qc8 42. Bg3 Qf5 43. Qd1 Bf6 44. Ne4 Be5 45. Nc3 Ne2+ 46. Qxe2 Bxc3 47.
Rd1 Rxd1+ 48. Qxd1 Bd4+ 49. Kf1 Kg7 50. Qf3 Qb1+ 51. Be1 a4 52. bxa4 Qc1 53.
Qd3 Qxf4+ 54. Kg2 Qc7 55. Bc3 Qc6+ 56. Kg3 Qd6+ 57. Kg2 Qf6 58. Bxd4 cxd4 59.
Kg3 Qe5+ 60. Kg2 f6 61. Qf3 Kh6 62. Kf1 Qd6 63. Qg3 Qc5 64. Qd3 Kg7 65. Ke1 f5
66. Kd1 Kf6 67. h3 Qe5 68. Qb3 Qa5 69. Qb4 Ke6 70. Qb3 Ke7 71. Qb4+ Kd7 72. Qb3
Qc5 73. Qd3 Qe5 74. Qb3 Kc6 75. Qb4 Kc7 76. Qb5 Qxb5 77. cxb5 Kd6 78. a5 bxa5
79. a4 f4 80. Ke2 Kd5 81. Ke1 Ke6 82. Ke2 Kd6 83. Ke1 Kd5 84. Ke2 Kc5 85. Ke1
Kd5 1/2-1/2

[Event "MCRE_PF16"]
[Site "?"]
[Date "2004.??.??"]
[Round "?"]
[White "Havlik, Lumir"]
[Black "Doubek, Svatopluk"]
[Result "1/2-1/2"]
[WhiteElo "2081"]
[BlackElo "2264"]
[PlyCount "43"]
[EventDate "2004.??.??"]
[EventType "corr"]
[EventRounds "2"]
[SourceDate "2005.03.12"]

1. d4 d5 2. Nf3 c6 3. c4 Nf6 4. Nc3 e6 5. e3 Nbd7 6. Bd3 dxc4 7. Bxc4 b5 8. Bd3
Bb7 9. e4 b4 10. Na4 c5 11. e5 Nd5 12. Nxc5 Nxc5 13. dxc5 Bxc5 14. O-O Qc7 15.
Bd2 h6 16. Rc1 Qb6 17. Qe2 g6 18. Rfd1 Kf8 19. Bc4 Kg7 20. Ne1 a5 21. Nd3 Be7
22. Qg4 1/2-1/2

[Event "MCRE_PF16"]
[Site "?"]
[Date "2004.??.??"]
[Round "?"]
[White "Havlik, Lumir"]
[Black "Houska, Jiri"]
[Result "1-0"]
[WhiteElo "2081"]
[BlackElo "2200"]
[PlyCount "63"]
[EventDate "2004.??.??"]
[EventType "corr"]
[EventRounds "2"]
[SourceDate "2005.03.12"]

1. d4 Nf6 2. Nf3 g6 3. c4 Bg7 4. Nc3 d5 5. cxd5 Nxd5 6. e4 Nxc3 7. bxc3 O-O 8.
Be2 c5 9. O-O Nd7 10. Rb1 Nf6 11. Bd3 Qc7 12. Re1 b6 13. e5 Nd5 14. Qb3 Bb7 15.
dxc5 e6 16. Be4 Rfc8 17. Ba3 Bc6 18. c4 Ne7 19. cxb6 axb6 20. Bxc6 Nxc6 21. Bd6
Qa7 22. Qxb6 Qxa2 23. c5 Ra7 24. Qb5 Qc2 25. Rb2 Qf5 26. Qxc6 Rxc6 27. Rb8+ Bf8
28. Bxf8 h6 29. Be7+ Kh7 30. Bf6 g5 31. h4 Qg4 32. hxg5 1-0

[Event "MCRE_PF16"]
[Site "?"]
[Date "2004.??.??"]
[Round "?"]
[White "Havlik, Lumir"]
[Black "Lasek, Milos"]
[Result "1/2-1/2"]
[WhiteElo "2081"]
[BlackElo "2280"]
[PlyCount "55"]
[EventDate "2004.??.??"]
[EventType "corr"]
[EventRounds "2"]
[SourceDate "2005.03.12"]

1. d4 Nf6 2. Nf3 e6 3. c4 b6 4. a3 Bb7 5. Nc3 d5 6. cxd5 Nxd5 7. e3 g6 8. Bb5+
c6 9. Bd3 Bg7 10. Nxd5 exd5 11. O-O O-O 12. Re1 Nd7 13. Rb1 c5 14. b3 Rc8 15.
Qe2 Re8 16. Bb2 Qe7 17. dxc5 bxc5 18. Bxg7 Kxg7 19. Rbc1 Ne5 20. Nxe5 Qxe5 21.
Ba6 Bxa6 22. Qxa6 Qb8 23. Qd3 Qe5 24. h3 d4 25. Qc4 Qe6 26. Qd3 Qe5 27. Qc4 Qe6
28. Qd3 1/2-1/2

[Event "MCRE_PF16"]
[Site "?"]
[Date "2004.??.??"]
[Round "?"]
[White "Havlik, Lumir"]
[Black "Postl, Rostislav"]
[Result "0-1"]
[WhiteElo "2081"]
[BlackElo "2297"]
[PlyCount "58"]
[EventDate "2004.??.??"]
[EventType "corr"]
[EventRounds "2"]
[SourceDate "2005.03.12"]

1. d4 Nf6 2. Nf3 g6 3. c4 Bg7 4. Nc3 O-O 5. e4 d6 6. Be2 c5 7. d5 e6 8. O-O
exd5 9. cxd5 Re8 10. Nd2 Nbd7 11. a4 Ne5 12. Qc2 a6 13. Ra3 Qe7 14. h3 g5 15.
Nf3 g4 16. hxg4 Bxg4 17. Nh2 Bc8 18. Re1 Nfg4 19. Bf4 Qf6 20. Bg3 Qg6 21. Nxg4
Bxg4 22. Bxg4 Nxg4 23. Rb3 Re7 24. Bh4 Re5 25. Bg3 Rh5 26. Qd2 Re8 27. Rxb7 Bd4
28. Rb6 Ne5 29. Bxe5 Rexe5 0-1

[Event "MCRE_PF16"]
[Site "?"]
[Date "2004.??.??"]
[Round "?"]
[White "Havlik, Lumir"]
[Black "Svrsek, Radomir"]
[Result "1/2-1/2"]
[WhiteElo "2081"]
[BlackElo "2190"]
[PlyCount "114"]
[EventDate "2004.??.??"]
[EventType "corr"]
[EventRounds "2"]
[SourceDate "2005.03.12"]

1. d4 Nf6 2. Nf3 g6 3. c4 Bg7 4. Nc3 O-O 5. e4 d6 6. Be2 Nbd7 7. O-O e5 8. Re1
exd4 9. Nxd4 Re8 10. f3 Nh5 11. g3 Nhf6 12. Bg5 h6 13. Be3 Ne5 14. b3 Kh7 15.
Bf1 c5 16. Nc2 Ng8 17. Bd2 Ne7 18. Rc1 N5c6 19. Ne2 Ne5 20. Nf4 a5 21. Bc3 N7c6
22. a3 a4 23. b4 cxb4 24. Nxb4 Na5 25. Nfd5 Nb3 26. Rb1 Be6 27. f4 Nc6 28. Bxg7
Kxg7 29. Nc2 Qa5 30. Re3 Ne7 31. Qd3 Bxd5 32. cxd5 Qc5 33. Rbe1 Nc8 34. Qb5 Nb6
35. Qxc5 Nxc5 36. Nd4 f5 37. exf5 Rxe3 38. Rxe3 Nxd5 39. Re1 g5 40. Bg2 Nf6 41.
fxg5 hxg5 42. Bxb7 Rb8 43. Bc6 Ng4 44. Ne6+ Kf6 45. Nxc5 dxc5 46. Bxa4 Ne5 47.
Rc1 Ra8 48. Bb5 Rxa3 49. Rxc5 Kxf5 50. Rc2 Nf3+ 51. Kf1 g4 52. Bd7+ Kg5 53. h4+
gxh3 54. Bxh3 Ne5 55. Kg2 Nd3 56. Re2 Nf4+ 57. gxf4+ Kxf4 1/2-1/2

[Event "MCRE_PF16"]
[Site "?"]
[Date "2004.??.??"]
[Round "?"]
[White "Havlik, Lumir"]
[Black "Valak, Alois"]
[Result "1/2-1/2"]
[WhiteElo "2081"]
[BlackElo "2251"]
[PlyCount "112"]
[EventDate "2004.??.??"]
[EventType "corr"]
[EventRounds "2"]
[SourceDate "2005.03.12"]

1. d4 Nf6 2. Nf3 e6 3. c4 b6 4. g3 Ba6 5. b3 Bb4+ 6. Bd2 Be7 7. Bg2 c6 8. Bc3
d5 9. Nbd2 Nbd7 10. O-O O-O 11. Qc2 c5 12. dxc5 Nxc5 13. Ne5 Rc8 14. Rac1 Bd6
15. Rfd1 Qe7 16. Qb1 b5 17. cxd5 Nxd5 18. Bb2 Bb7 19. e3 f5 20. Bd4 Nf6 21.
Bxb7 Qxb7 22. Bxc5 Bxc5 23. Ndf3 b4 24. Qd3 Ne4 25. Nd7 Rfe8 26. Nxc5 Nxc5 27.
Qe2 Ne4 28. Rxc8 Rxc8 29. Ne5 h6 30. Rd7 Qb8 31. Nc4 Nf6 32. Rd2 Rc5 33. Qd1
Kh7 34. Rd6 Rd5 35. Rxd5 Nxd5 36. a3 bxa3 37. Nxa3 Nc3 38. Qc2 Ne4 39. h4 Qe5
40. Nc4 Qd5 41. Qb1 a5 42. Qc2 Kh8 43. Kh2 Nf6 44. Qe2 Kg8 45. Qc2 Kh7 46. Qe2
Qb5 47. Qc2 Ne4 48. Qa2 Qd5 49. Qc2 g5 50. f3 Nf6 51. hxg5 hxg5 52. Qc3 Kg7 53.
Ne5 Qd1 54. Qc7+ Kh6 55. Qf7 Qe2+ 56. Kh1 Qf1+ 1/2-1/2

[Event "MCRE_PF16"]
[Site "?"]
[Date "2004.??.??"]
[Round "?"]
[White "Houska, Jiri"]
[Black "Blazek, Jaroslav"]
[Result "1/2-1/2"]
[WhiteElo "2200"]
[BlackElo "2205"]
[PlyCount "117"]
[EventDate "2004.??.??"]
[EventType "corr"]
[EventRounds "2"]
[SourceDate "2005.03.12"]

1. e4 e5 2. Nf3 Nc6 3. Bb5 a6 4. Bxc6 dxc6 5. O-O Bd6 6. d4 exd4 7. Qxd4 f6 8.
Be3 Be6 9. Nbd2 Ne7 10. Rfd1 Ng6 11. Nc4 Bxc4 12. Qxc4 Qe7 13. Re1 O-O-O 14.
Bd4 Rhe8 15. Bc3 Qe6 16. Qxe6+ Rxe6 17. Nd4 Re7 18. Nf5 Red7 19. Nxg7 Rxg7 20.
Bxf6 Rf7 21. Bxd8 Kxd8 22. g3 Ne5 23. Kg2 Rf3 24. Rad1 Ke7 25. Re2 Ke6 26. Rd3
Nxd3 27. Kxf3 Nxb2 28. Kg4 Nd1 29. e5 Nc3 30. Re1 Bf8 31. f4 Nxa2 32. f5+ Ke7
33. Kh5 Nb4 34. Re4 Nxc2 35. g4 c5 36. g5 Nb4 37. e6 Nd5 38. f6+ Kd6 39. e7
Bxe7 40. fxe7 Nxe7 41. Kg4 b5 42. h4 b4 43. h5 b3 44. Kf3 a5 45. g6 Nxg6 46.
hxg6 hxg6 47. Re1 c4 48. Ke3 c3 49. Kd3 c2 50. Rg1 a4 51. Rxg6+ Kc5 52. Kd2 a3
53. Kc1 a2 54. Ra6 Kb4 55. Ra8 c5 56. Ra7 c4 57. Ra8 Kc5 58. Ra4 c3 59. Rc4+
1/2-1/2

[Event "MCRE_PF16"]
[Site "?"]
[Date "2004.??.??"]
[Round "?"]
[White "Houska, Jiri"]
[Black "Doubek, Svatopluk"]
[Result "1-0"]
[WhiteElo "2200"]
[BlackElo "2264"]
[PlyCount "55"]
[EventDate "2004.??.??"]
[EventType "corr"]
[EventRounds "2"]
[SourceDate "2005.03.12"]

1. e4 e5 2. Nf3 Nc6 3. Bb5 a6 4. Bxc6 dxc6 5. O-O Qd6 6. Na3 Be6 7. Qe2 f6 8.
Rd1 O-O-O 9. Nc4 Qe7 10. d3 Qf7 11. Bd2 g5 12. b4 g4 13. Nh4 Ne7 14. a4 Qh5 15.
g3 Ng6 16. Ng2 b6 17. Rab1 f5 18. b5 cxb5 19. axb5 a5 20. Nxa5 bxa5 21. b6 Kd7
22. d4 exd4 23. bxc7 Rc8 24. Nf4 Nxf4 25. Bxf4 Bg7 26. exf5 Qxf5 27. Rb5 Bd5
28. Rxd5+ 1-0

[Event "MCRE_PF16"]
[Site "?"]
[Date "2004.??.??"]
[Round "?"]
[White "Houska, Jiri"]
[Black "Havlik, Lumir"]
[Result "1/2-1/2"]
[WhiteElo "2200"]
[BlackElo "2081"]
[PlyCount "69"]
[EventDate "2004.??.??"]
[EventType "corr"]
[EventRounds "2"]
[SourceDate "2005.03.12"]

1. e4 e5 2. Nf3 Nc6 3. Bb5 Nf6 4. O-O Nxe4 5. d4 Nd6 6. Bxc6 dxc6 7. dxe5 Nf5
8. Qxd8+ Kxd8 9. Nc3 h6 10. h3 Ke8 11. b3 Bb4 12. Ne4 Be6 13. c4 Rd8 14. Bb2
Bf8 15. g4 Ne7 16. Nd4 h5 17. Nxe6 fxe6 18. Nc5 hxg4 19. hxg4 Rh4 20. Rfd1
Rxg4+ 21. Kf1 Rc8 22. Nxe6 Rg6 23. Nxf8 Kxf8 24. Ke2 Kf7 25. Rg1 Rh8 26. Rh1
Rxh1 27. Rxh1 c5 28. Ba3 b6 29. Bc1 Ke6 30. Bf4 Nc6 31. Rh8 Rg1 32. Re8+ Kf5
33. Bg3 Nd4+ 34. Kd3 Ne6 35. Re7 1/2-1/2

[Event "MCRE_PF16"]
[Site "?"]
[Date "2004.??.??"]
[Round "?"]
[White "Houska, Jiri"]
[Black "Lasek, Milos"]
[Result "1/2-1/2"]
[WhiteElo "2200"]
[BlackElo "2280"]
[PlyCount "73"]
[EventDate "2004.??.??"]
[EventType "corr"]
[EventRounds "2"]
[SourceDate "2005.03.12"]

1. e4 c5 2. Nf3 d6 3. d4 cxd4 4. Nxd4 Nf6 5. Nc3 a6 6. Bg5 e6 7. f4 Qb6 8. Qd2
Qxb2 9. Rb1 Qa3 10. f5 Nc6 11. fxe6 fxe6 12. Nxc6 bxc6 13. Be2 Be7 14. O-O O-O
15. Kh1 Ra7 16. Qe3 Rd7 17. e5 dxe5 18. Bd3 Rd4 19. Bxf6 Rxf6 20. Ne4 Rf5 21.
g4 Rf8 22. Rxf8+ Bxf8 23. g5 Qe7 24. g6 hxg6 25. Qg3 Qe8 26. c3 Rd8 27. Bc4 Be7
28. Qg4 g5 29. Rb8 Bd7 30. Rxd8 Bxd8 31. Nc5 Bc8 32. Nxe6 Bxe6 33. Qxe6+ Qxe6
34. Bxe6+ Kf8 35. Bd7 c5 36. Bc8 a5 37. Kg2 1/2-1/2